00778nam a2200205 a 450000100100000000500170001000800410002702000180006804000250008608200150011110000400012624500860016626000460025230000200029850000700031850400310038859000230041995201130044299900170055500004814020201002060939.0181121s2016 dr a 000 0 spa d a9789945453393 aDO-SdBNPbspacBNPHU axxxbG643p1 aGonzález Camacho, Silverio97561510aParadigma, comunidad científica y otros ensayos /cSilverio González Camacho. aSanto Domingo :bSomos Literatura,c2016. a136p. ;c22 cm. aIncluye datos biográficos del autor en la solapa de la cubierta aBibliografía: p. 125-127 aInventariado, 2018 0010718PDaPDbPDcCTd2018-11-21iLF1l0oxxx G643pp48140-10r2020-06-25w2020-06-25yLFPDZNo se presta c47628d47628